| 000 | 00654 a2200181 4500 | ||
|---|---|---|---|
| 999 |
_c29980 _d29980 |
||
| 003 | NUST | ||
| 005 | 20180118122325.0 | ||
| 008 | 180118b xxu||||| |||| 00| 0 eng d | ||
| 020 | _a0198530684 | ||
| 020 | _a9780198530688 | ||
| 082 | _a512.482 | ||
| 100 | 1 |
_aEtingof, Pavel. _98707 |
|
| 245 | 1 | 4 |
_aThe dynamical yang-baxter equation, representation theory, and quantum integrable systems / _cPavel Etingof, Frederic Latour. |
| 260 |
_a[S.l.] : _bOxford University Press, USA, _c2005. |
||
| 300 |
_a150 p. ; _c24 cm. |
||
| 490 | 1 | _aOxford lecture series in mathematics and its applications. | |
| 700 | 1 |
_aLatour, Frederic. _98708 |
|
| 830 | 0 |
_aOxford lecture series in mathematics and its applications. _98709 |
|
| 942 |
_aSNS _cBK _k512.482 ETI _2ddc |
||